| 000 | 00579cam a2200205 4500 | ||
|---|---|---|---|
| 001 | D6060 | ||
| 008 | 090401t1957 xxu||||| |||| 00| 0 eng d | ||
| 035 | _a(Sirsi) u83765 | ||
| 041 | _aeng | ||
| 050 | _a692.309567 | ||
| 110 |
_aIraq. Directorate of Engineering and Military Works _92665 |
||
| 245 | _aCode of measurement for building works in Iraq | ||
| 260 |
_aBaghdad _bDirectorate of Engineering and Military _c1957 |
||
| 300 | _a90p. 21cm | ||
| 350 | _a0 | ||
| 520 | _aFiled at SMM 1957/1B | ||
| 710 |
_aMinistry of Defence _9577 |
||
| 942 | _n0 | ||
| 948 | _c04/03/1997 | ||
| 999 |
_c96913 _d96913 |
||